000
00318nam a22001337a 4500
008
180919b xxu||||| |||| 00| 0 eng d
020
_a
9780140513356
041
_a
eng
080
_a
941
100
_a
16
101
_a
HIS
245
_a
The Penguin Historical AtlasOf Ancient Greece
_c
Robert.M
942
_2
udc
_c
BK
999
_c
48002
_d
48002